Encyclopédie par l'image ...

محفوظ في:

التنسيق: كتاب

اللغة: French

منشور في: [Paris] : Hachette, 1930.

الموضوعات:

الوسوم: إضافة وسم

لا توجد وسوم, كن أول من يضع وسما على هذه التسجيلة!

رقم الطلب: AE25 .E67 1930

LEADER 00505nam a22001577a 4500
005 20260202110111.0
008 020226t1930uuuufr ah 0 0fre d
040 |c ARCE Library 
050 1 4 |a AE25  |b .E67 1930 
245 0 0 |a Encyclopédie par l'image ...  
260 |a [Paris] :   |b Hachette,   |c 1930. 
300 |a v. :   |b fronts., illus., ports., facsims., diagrs. ;   |c 25 cm. 
504 |a "Bibliographie" at end of each volume.  
650 0 |a Encyclopedias and dictionaries, French. 
942 |2 lcc  |c BK 
999 |c 31416  |d 31416